000 00658nam a2200217Ii 4500
003 JO-AjNU
008 230606s9999||||xx |||||||||||||| ||und||
020 _a978-0-367-27986-8
040 _aJO-AjNU
_beng
_erda
_cJO-AjNU
041 _aeng
050 1 4 _aJZ1318.S73 2020
100 3 _aStearns, Peter N,
_eauthor
_96154
245 0 0 _aGLOBALIZATION IN WORLD HISTORY
250 _a3ed
264 3 1 _aNew York and London:Routledge,2020
300 _a202p
336 _atext
_btxt
_2rdacontent
337 _aunmediated
_bn
_2rdamedia
338 _avolume
_bnc
_2rdacarrier
650 4 _aLCSH: Globalizaion--History - World--history-Intermational economic
_96155
999 _aE3194
_c3190
_d3190